000 01907cam a2200397 i 4500
999 _c522742
_d522742
001 18057155
003 NUST
005 20190108052122.0
008 140228s2015 enk b 001 0 eng c
010 _a 2014002646
020 _a9781138778795 (pback)
038 _aMuhammad Ibrahim
040 _aICU/DLC
_beng
_cICU
_erda
_dDLC
042 _apcc
043 _aa-pk---
_aaz-----
050 0 0 _aU264.5.P18
_bK436 2015
082 0 0 _a355.02/17095491
_223
100 1 _aKhan, Zafar,
_d1977-
_eauthor.
_912987
245 1 0 _aPakistan's nuclear policy :
_ba minimum credible deterrence /
_cZafar Khan.
264 1 _aLondon ;
_aNew York :
_bRoutledge/Taylor & Francis Group,
_c2015.
300 _axix, 178 pages ;
_c24 cm.
336 _atext
_2rdacontent
337 _aunmediated
_2rdamedia
338 _avolume
_2rdacarrier
490 1 _aRoutledge contemporary South Asia series ;
_v84
504 _aIncludes bibliographical references (pages 144-172) and index.
505 0 _aIntroduction: the making of Pakistan's post-1998 nuclear policy -- Historical analysis of Pakistan's nuclear development program -- Pakistan's rationale of minimum deterrence: why the minimum? -- Pakistan's policy of minimum credible deterrence: why minimum is not the minimum -- Pakistan's nuclear force building -- Pakistan's doctrine of nuclear first use -- Pakistan's policy of arms control and disarmament: a call for arms control regime in South Asia -- Conclusion: a call for an actual minimum.
650 0 _aNuclear weapons
_zPakistan.
_912988
650 0 _aNuclear weapons
_xGovernment policy
_zPakistan.
_912989
650 0 _aDeterrence (Strategy)
_912990
650 0 _aNuclear arms control
_zSouth Asia.
_912991
830 0 _aRoutledge contemporary South Asia series ;
_v84.
_912992
906 _a7
_bcbc
_corignew
_d1
_eecip
_f20
_gy-gencatlg
942 _2ddc
_cBK